00377nam a2200145Ia 4500003000400000008004100004040001600045082001300061100002000074245005600094260004000150300001000190650002100200650001000221GCL140319s9999 xx 000 0 eng d aGCL / cGCL04a952bN C1 aNEUSTUPNY, J.V.10aCOMMUNICATION WITH THE JAPANESE / cNEUSTUPNY, J.V. a[S.N] : bTHE JAPAN TIMES ، c1994 a220 P04aJAPAN - LANGUAGE04aJAPAN